| 000 | 00926 am a2200277ua 4500 | ||
|---|---|---|---|
| 001 | 012040251 | ||
| 005 | 20140302112220.0 | ||
| 008 | 911023t1991 xxka grb 001 0 eng d | ||
| 020 | _a185396106X | ||
| 020 | _a9781853961069 | ||
| 040 |
_aUk _cUk |
||
| 043 | _ae-uk--- | ||
| 082 | 0 | 4 |
_a330.941 _222 _bSTA |
| 100 | 1 |
_aStanworth, John _935011 |
|
| 245 | 1 | 0 |
_aWork 2000 : _bthe future for industry, employment and society / _cJohn Stanworth and Celia Stanworth. |
| 260 |
_aLondon : _bPaul Chapman Publishing Ltd., _cc.1991. |
||
| 300 |
_ax, 262 p. : _btables ; _c24 cm. |
||
| 500 | _aIndex : p. 257-262. | ||
| 504 | _aBibliography : p . 256-252. | ||
| 651 | 0 |
_aGreat Britain _xEconomic conditions _y1964-1979 _933412 |
|
| 651 | 0 |
_aGreat Britain _xEconomic conditions _y1979-1997 _933413 |
|
| 653 |
_bBUSECO _cFebruary2014 |
||
| 655 |
_vreading book _934232 |
||
| 700 | 1 |
_aStanworth, Celia _935010 |
|
| 942 |
_2ddc _k330.941 STA |
||
| 999 |
_c18004 _d17976 |
||